[Event "XIV American Continental"]
[Site "Sao Paulo BRA"]
[Date "2019.07.07"]
[Round "4.97"]
[White "Frattini, Beatriz Maria"]
[Black "Dabraccio, Guillermo"]
[Result "1-0"]
[WhiteElo "1858"]
[BlackElo "1611"]
[EventDate "2019.07.05"]
[PlyCount "99"]
[EventRounds "11"]
[EventCountry "BRA"]

1.e4 e6 2.d4 d5 3.Nc3 Nf6 4.Bg5 Be7 5.e5 Nfd7 6.h4 h6 7.Qh5 b6 8.Rh3 g6 9.
Bxe7 Qxe7 10.Qg4 Ba6 11.O-O-O Bxf1 12.Rxf1 Nc6 13.Nb5 Ndb8 14.Ne2 a6 15.
Nbc3 Nd7 16.h5 O-O-O 17.hxg6 fxg6 18.Qxg6 Rdg8 19.Qd3 Nb4 20.Qe3 Qh7 21.
Qd2 Rxg2 22.a3 Nc6 23.Nf4 Qf5 24.Rxh6 Rxh6 25.Nxg2 Rh2 26.Ne3 Qf4 27.Ne2 
Qh4 28.Qd3 Kb7 29.f4 Rh3 30.Qd2 Ne7 31.Kb1 Rh2 32.Qe1 Qh7 33.Ng3 c5 34.Ne2
Nc6 35.dxc5 Nxc5 36.Ng4 Rg2 37.Ne3 Rh2 38.Ng4 Rg2 39.Rg1 Rxg1 40.Qxg1 Qg6 
41.Qg3 Ne4 42.Qh4 d4 43.Qh6 Qxg4 44.Qh7+ Ka8 45.Qxe4 Kb7 46.Ka2 Qf5 47.
Qxc6+ Kxc6 48.Nxd4+ Kd5 49.Nxf5 exf5 50.Kb3 1-0

[Event "XIV American Continental"]
[Site "Sao Paulo BRA"]
[Date "2019.07.07"]
[Round "4.98"]
[White "Pascheto, Ademir Heleno"]
[Black "Pereira Filho, Hildebrando Apolonio"]
[Result "1/2-1/2"]
[WhiteElo "1827"]
[BlackElo "1573"]
[EventDate "2019.07.05"]
[PlyCount "47"]
[EventRounds "11"]
[EventCountry "BRA"]

1.d4 d5 2.c4 c6 3.Qc2 g6 4.Nf3 Bg7 5.Bg5 Nd7 6.cxd5 cxd5 7.Nc3 Ndf6 8.e3 
a6 9.Bd3 Nh6 10.O-O O-O 11.Ne5 Bf5 12.Rad1 Bxd3 13.Qxd3 Nf5 14.h3 e6 15.e4
Ne7 16.Bf4 dxe4 17.Nxe4 Nfd5 18.Bh2 Qb6 19.a3 Rfd8 20.Rfe1 Nc6 21.Qf3 Nxe5
22.Bxe5 Rac8 23.Rc1 f6 24.Bg3 1/2-1/2

[Event "XIV American Continental"]
[Site "Sao Paulo BRA"]
[Date "2019.07.07"]
[Round "4.99"]
[White "Olivo, Anibal Ribeiro"]
[Black "De Freitas, Jose Renato Silva"]
[Result "1/2-1/2"]
[WhiteElo "1649"]
[BlackElo "1873"]
[EventDate "2019.07.05"]
[PlyCount "116"]
[EventRounds "11"]
[EventCountry "BRA"]

1.e4 c5 2.Nf3 e6 3.d4 cxd4 4.Nxd4 Nc6 5.Nc3 Qc7 6.Be2 a6 7.O-O Nf6 8.Be3 
Bb4 9.Nxc6 bxc6 10.Na4 Be7 11.Nb6 Rb8 12.Nxc8 Qxc8 13.Bd4 c5 14.Be5 Rb6 
15.Bf3 d6 16.Bc3 O-O 17.a4 Nd7 18.Be2 Bf6 19.a5 Rc6 20.Bxf6 Nxf6 21.Qd3 c4
22.Qe3 Rc5 23.Rfd1 Rd8 24.f3 Qc7 25.Qc3 Nh5 26.g3 e5 27.Ra4 Rc8 28.Rda1 
Nf6 29.Rb4 d5 30.Rb6 Qa7 31.Kg2 Nd7 32.Rb4 d4 33.Qd2 Qc7 34.Raa4 c3 35.Qd3
cxb2 36.Rxb2 Rxa5 37.Rxa5 Qxa5 38.Qxa6 Qxa6 39.Bxa6 Rb8 40.Rxb8+ Nxb8 41.
Bb5 Kf8 42.Kf2 Ke7 43.Ke2 Kd6 44.Kd3 Kc5 45.Be8 f6 46.c3 dxc3 47.Kxc3 g5 
48.h4 h6 49.hxg5 hxg5 50.Ba4 Na6 51.Bd1 Nc7 52.Kd3 Kb4 53.Ke3 Ne6 54.Be2 
Kc3 55.Bd1 Nd4 56.f4 gxf4+ 57.gxf4 Nc2+ 58.Kf3 Nd4+ 1/2-1/2

[Event "XIV American Continental"]
[Site "Sao Paulo BRA"]
[Date "2019.07.07"]
[Round "4.100"]
[White "De Oliveira, Francemir Barra"]
[Black "Ferreira, Jose Carlos"]
[Result "1-0"]
[WhiteElo "1600"]
[BlackElo "1835"]
[EventDate "2019.07.05"]
[PlyCount "46"]
[EventRounds "11"]
[EventCountry "BRA"]

1.e4 c5 2.Nf3 e6 3.c3 d5 4.e5 d4 5.d3 Nc6 6.c4 f6 7.Bf4 Be7 8.Nbd2 g5 9.
exf6 Bxf6 10.Nxg5 h5 11.Nge4 e5 12.Qe2 Qe7 13.O-O-O exf4 14.Re1 Kd8 15.Qf3
Be5 16.h3 Bd7 17.g3 fxg3 18.fxg3 Kc7 19.Bg2 Rf8 20.Qe2 Nh6 21.Nb3 b6 22.
Rhf1 Nf5 23.Nexc5 bxc5 1-0

[Event "XIV American Continental"]
[Site "Sao Paulo BRA"]
[Date "2019.07.07"]
[Round "4.101"]
[White "Da Silveira, Thiago Graca"]
[Black "Dos Santos, Fabio Alexandre"]
[Result "0-1"]
[WhiteElo "1590"]
[BlackElo "1821"]
[EventDate "2019.07.05"]
[PlyCount "108"]
[EventRounds "11"]
[EventCountry "BRA"]

1.d4 d5 2.c4 e6 3.g3 Nf6 4.Nc3 c6 5.Bg2 Bd6 6.Nf3 Nbd7 7.c5 Bc7 8.b4 a6 9.
a4 e5 10.e3 O-O 11.O-O Re8 12.Re1 e4 13.Nd2 Nf8 14.a5 Bf5 15.Na4 Qd7 16.
Qe2 Ne6 17.f3 Ng5 18.Nb6 Bxb6 19.axb6 exf3 20.Nxf3 Nxf3+ 21.Qxf3 Be4 22.
Qe2 Bxg2 23.Qxg2 Ne4 24.Rf1 Re6 25.Qh3 Qe7 26.Rf4 Rg6 27.Qf5 Re8 28.Ra2 
Rf6 29.Qg4 Rg6 30.Qf3 Qe6 31.Rf5 Ng5 32.Qf1 Qe4 33.Raf2 f6 34.h4 Ne6 35.
Rg2 Qb1 36.Bd2 Qe4 37.Kh2 Qg4 38.Qf3 Qxf3 39.Rxf3 Rg4 40.Kh3 Re4 41.Rf5 
Nd8 42.Rf4 Rxf4 43.gxf4 Kf7 44.Kg4 g6 45.Kf3 Ne6 46.Rh2 Ng7 47.Re2 Nf5 48.
Rh2 h5 49.Re2 Nxh4+ 50.Kf2 Nf5 51.Be1 g5 52.fxg5 fxg5 53.Kf3 Kg6 54.Bf2 
Nxd4+ 0-1

[Event "XIV American Continental"]
[Site "Sao Paulo BRA"]
[Date "2019.07.07"]
[Round "4.103"]
[White "Azevedo, Eduardo Jose Estevao de"]
[Black "Nobre, Jose Adalberto Barbosa"]
[Result "0-1"]
[WhiteElo "1738"]
[BlackElo "1577"]
[EventDate "2019.07.05"]
[PlyCount "80"]
[EventRounds "11"]
[EventCountry "BRA"]

1.d4 g6 2.e4 Bg7 3.Nc3 d6 4.Be3 Nc6 5.Qd2 e5 6.d5 Nce7 7.O-O-O Bd7 8.h4 h5
9.f3 Nf6 10.Nh3 a6 11.Nf2 b5 12.g3 b4 13.Ne2 a5 14.Bh3 Bb5 15.Bf1 Qb8 16.
Kb1 Nc8 17.Nc1 Bxf1 18.Rhxf1 Nb6 19.Qd3 Na4 20.Ka1 Nd7 21.Nb3 O-O 22.g4 
Nf6 23.Bg5 Nd7 24.gxh5 Nac5 25.Nxc5 Nxc5 26.Qd2 Qb5 27.Rg1 a4 28.Nd3 b3 
29.Nxc5 Qxc5 30.a3 bxc2 31.Rc1 Rab8 32.Qxc2 Qb5 33.Be3 Kh7 34.Rb1 Qb3 35.
hxg6+ fxg6 36.Qg2 Rf6 37.Qg5 Kg8 38.h5 Qd3 39.hxg6 Rb3 40.Rge1 Rxa3+ 0-1

[Event "XIV American Continental"]
[Site "Sao Paulo BRA"]
[Date "2019.07.07"]
[Round "4.104"]
[White "Costa, Iaggo Bernini"]
[Black "Cabral Mesquita, Jussier"]
[Result "1/2-1/2"]
[WhiteElo "1507"]
[BlackElo "1728"]
[EventDate "2019.07.05"]
[PlyCount "88"]
[EventRounds "11"]
[EventCountry "BRA"]

1.e4 c5 2.Nf3 d6 3.d4 cxd4 4.Nxd4 Nf6 5.f3 a6 6.c4 g6 7.Be3 Bg7 8.Nc3 O-O 
9.Qd2 Qc7 10.Be2 Nc6 11.O-O Nxd4 12.Bxd4 Be6 13.b3 Rac8 14.Rac1 Qa5 15.
Rfd1 Qh5 16.f4 Bg4 17.Qe3 Bxe2 18.Nxe2 Ng4 19.Qh3 Qxh3 20.gxh3 Nf6 21.Nc3 
Rfd8 22.Bxf6 Bxf6 23.Nd5 Bh4 24.Rc2 e6 25.Nb4 Be7 26.Nd3 b5 27.Nb2 bxc4 
28.Rxc4 Rxc4 29.Nxc4 Kf8 30.Kf2 f6 31.Rd2 Kf7 32.Kf3 d5 33.exd5 Rxd5 34.
Re2 h6 35.h4 Bc5 36.Ne3 Rd3 37.Ke4 Rxe3+ 38.Rxe3 Bxe3 39.Kxe3 Ke7 40.Ke4 
Kd6 41.b4 Kc6 42.a4 Kb6 43.Kd4 Kc6 44.Ke4 Kb6 1/2-1/2

[Event "XIV American Continental"]
[Site "Sao Paulo BRA"]
[Date "2019.07.07"]
[Round "4.105"]
[White "Passos Coutinho, Eduardo"]
[Black "Japiassu, Glauco Antonio Bezerra"]
[Result "1/2-1/2"]
[WhiteElo "1728"]
[BlackElo "1526"]
[EventDate "2019.07.05"]
[PlyCount "82"]
[EventRounds "11"]
[EventCountry "BRA"]

1.e4 e6 2.d4 d5 3.Nd2 Nf6 4.e5 Nfd7 5.Bd3 c5 6.c3 Nc6 7.Ne2 Be7 8.O-O O-O 
9.f4 f5 10.Nf3 Qb6 11.Kh1 c4 12.Bc2 Qc7 13.Qe1 b5 14.Qg3 Qd8 15.Ng5 Bxg5 
16.fxg5 g6 17.Nf4 Qe7 18.Qh4 b4 19.Rf3 Rf7 20.Rh3 Nf8 21.Bd2 a5 22.Qh6 Rg7
23.Qh4 Rb8 24.Ne2 Nd8 25.Qf4 Nf7 26.Rg3 Nd8 27.h4 Nc6 28.Rf3 Ba6 29.Ng3 
bxc3 30.Bxc3 Nb4 31.Bb1 Nd3 32.Bxd3 cxd3 33.Nf1 Nd7 34.Nd2 a4 35.a3 Bc4 
36.Bb4 Qe8 37.Raf1 Rb7 38.g4 Nb8 39.gxf5 gxf5 40.Rc1 Rgc7 41.Bd6 Rc6 
1/2-1/2

[Event "XIV American Continental"]
[Site "Sao Paulo BRA"]
[Date "2019.07.07"]
[Round "4.106"]
[White "Reyes, Jesus"]
[Black "Itagyba, Renan Fortes"]
[Result "1-0"]
[WhiteElo "1354"]
[BlackElo "1719"]
[EventDate "2019.07.05"]
[PlyCount "89"]
[EventRounds "11"]
[EventCountry "BRA"]

1.e4 c5 2.Nf3 d6 3.d3 Nf6 4.g3 g6 5.Bg2 Bg7 6.O-O O-O 7.Nc3 Nc6 8.Nh4 Nd4 
9.h3 e6 10.Ne2 d5 11.Nxd4 cxd4 12.f4 dxe4 13.dxe4 Nh5 14.Qd3 Bd7 15.e5 Bc6
16.Rd1 Bxg2 17.Nxg2 f5 18.g4 fxg4 19.hxg4 Nxf4 20.Bxf4 g5 21.Bg3 Qa5 22.
Qxd4 Rad8 23.Qe3 h6 24.a3 Qa4 25.Qe2 Rc8 26.b3 Qc6 27.Rd3 Qb5 28.c4 Qc5+ 
29.Kh2 Rf7 30.Qe3 Qc7 31.Rad1 Rcf8 32.Qe4 Qb6 33.b4 Qa6 34.b5 Qb6 35.Rd6 
Qc5 36.Rxe6 Qxa3 37.Rg6 Rf3 38.Rd7 R8f7 39.e6 Rxd7 40.exd7 Qf8 41.Be5 Rf7 
42.Rxg7+ Rxg7 43.Bxg7 Kxg7 44.Qe5+ Kh7 45.Qf5+ 1-0

[Event "XIV American Continental"]
[Site "Sao Paulo BRA"]
[Date "2019.07.08"]
[Round "5.6"]
[White "Gonzalez Vidal, Yuri"]
[Black "Molina, Roberto Junio Brito"]
[Result "1/2-1/2"]
[WhiteElo "2547"]
[BlackElo "2464"]
[EventDate "2019.07.05"]
[PlyCount "61"]
[EventRounds "11"]
[EventCountry "BRA"]

1.e4 c6 2.d4 d5 3.e5 Bf5 4.Nf3 e6 5.Be2 Nd7 6.O-O h6 7.a4 Ne7 8.a5 a6 9.b4
Nc8 10.c3 Na7 11.Ne1 Nb5 12.Bd3 Bxd3 13.Nxd3 Qe7 14.Be3 O-O-O 15.Qc2 f6 
16.Nd2 g5 17.c4 dxc4 18.Nxc4 Kb8 19.Rae1 Bg7 20.f4 Rhe8 21.Nc5 f5 22.Rd1 
gxf4 23.Bxf4 Nxc5 24.dxc5 Rxd1 25.Rxd1 Nc7 26.Qd2 Nd5 27.Nb6 Rd8 28.g3 Kc7
29.Bxh6 Bxe5 30.Bg5 Bf6 31.Bxf6 1/2-1/2

[Event "XIV American Continental"]
[Site "Sao Paulo BRA"]
[Date "2019.07.08"]
[Round "5.8"]
[White "Santos, Marcus Vinicius Moreira"]
[Black "Garcia Pantoja, Roberto"]
[Result "0-1"]
[WhiteElo "2354"]
[BlackElo "2529"]
[EventDate "2019.07.05"]
[PlyCount "50"]
[EventRounds "11"]
[EventCountry "BRA"]

1.d4 d5 2.c4 e6 3.Nc3 Bb4 4.Qa4+ Nc6 5.cxd5 exd5 6.Bf4 Ne7 7.e3 O-O 8.Nf3 
Ng6 9.Bg3 f5 10.Bb5 f4 11.exf4 Nxf4 12.Bxf4 Rxf4 13.Bxc6 Bxc3+ 14.bxc3 
bxc6 15.Qxc6 Re4+ 16.Kf1 Rb8 17.Kg1 Rb2 18.h4 Re6 19.Qa8 Rb7 20.Kh2 Reb6 
21.Rhe1 Rb8 22.Qxa7 Ba6 23.Re5 Ra8 24.Qxb6 cxb6 25.Rae1 Bd3 0-1

[Event "XIV American Continental"]
[Site "Sao Paulo BRA"]
[Date "2019.07.08"]
[Round "5.12"]
[White "Lima, Darcy"]
[Black "Mieles Palau, Daniel"]
[Result "0-1"]
[WhiteElo "2543"]
[BlackElo "2359"]
[EventDate "2019.07.05"]
[PlyCount "78"]
[EventRounds "11"]
[EventCountry "BRA"]

1.g3 c5 2.Nf3 Nc6 3.d4 cxd4 4.Nxd4 e5 5.Nxc6 dxc6 6.Qxd8+ Kxd8 7.Nd2 Be6 
8.e4 Nf6 9.f3 Kc7 10.Bc4 Bxc4 11.Nxc4 Nd7 12.Be3 b5 13.Nd2 Bc5 14.Ke2 Bxe3
15.Kxe3 Nc5 16.b3 Rhd8 17.a4 Rd4 18.axb5 cxb5 19.Nb1 b4 20.Nd2 a5 21.Rhf1 
f6 22.f4 Rad8 23.Rf2 Nd3 24.Rg2 Nxf4 25.gxf4 exf4+ 26.Kf3 Rxd2 27.Rxg7+ 
Kb6 28.Rf7 R8d6 29.Ra2 Rxh2 30.Kxf4 Rc6 31.Rf8 Rh4+ 32.Kf3 Rc3+ 33.Kg2 
Rg4+ 34.Kh2 Rh4+ 35.Kg2 Rg4+ 36.Kh2 Rxe4 37.Rxf6+ Rc6 38.Rf5 Re2+ 39.Kg3 
Rexc2 0-1

[Event "XIV American Continental"]
[Site "Sao Paulo BRA"]
[Date "2019.07.08"]
[Round "5.14"]
[White "Salinas Herrera, Pablo"]
[Black "Coro, Lucas"]
[Result "1-0"]
[WhiteElo "2498"]
[BlackElo "2312"]
[EventDate "2019.07.05"]
[PlyCount "213"]
[EventRounds "11"]
[EventCountry "BRA"]

1.d4 Nf6 2.Nf3 g6 3.Nbd2 d5 4.e3 Bg7 5.b4 O-O 6.c4 b6 7.Bb2 Bb7 8.Be2 dxc4
9.Nxc4 c5 10.dxc5 bxc5 11.Qxd8 Rxd8 12.Na5 Be4 13.bxc5 Rc8 14.Rc1 Nfd7 15.
Ba3 Nc6 16.Nxc6 Rxc6 17.O-O Rb8 18.Nd4 Bxd4 19.exd4 Nf6 20.Rfe1 e6 21.f3 
Bd5 22.Rb1 Rcc8 23.Ba6 Re8 24.Rec1 Bc6 25.Bb4 Nd5 26.Be1 f5 27.Ba5 Kf7 28.
Kf2 Rg8 29.h4 Ke7 30.Bd3 Kd7 31.Bd2 Rbe8 32.Rb3 Rb8 33.Rcb1 Rxb3 34.Rxb3 
Re8 35.Bh6 Rg8 36.Kg3 Ke7 37.Bc4 Kd7 38.Bf4 Ra8 39.Be5 Rg8 40.a4 a5 41.Bb5
h6 42.Kf2 g5 43.hxg5 hxg5 44.Rb1 Nc3 45.Bxc6+ Kxc6 46.Rb6+ Kd5 47.c6 Nxa4 
48.Ra6 Nb2 49.Rxa5+ Kxc6 50.Ke2 Kb6 51.Rc5 Na4 52.Rc1 Kb5 53.Rc7 Kb6 54.
Kd2 g4 55.f4 Kb5 56.Rc1 Ra8 57.Ke2 Ra6 58.Kf2 Kb4 59.Kg3 Nc3 60.Kh4 Ne4 
61.Kh5 Ra2 62.Kg6 Rxg2 63.Kf7 g3 64.Kxe6 Rf2 65.d5 g2 66.Rg1 Kc5 67.d6 Rd2
68.d7 Kc6 69.Rxg2 Nc5+ 70.Kxf5 Rxd7 71.Rh2 Nd3 72.Ke6 Nc5+ 73.Kf6 Ne4+ 74.
Kg6 Kd5 75.Ra2 Ng3 76.Ra3 Ne4 77.Ra5+ Ke6 78.f5+ Ke7 79.Ra6 Rd1 80.Ra7+ 
Ke8 81.f6 Rg1+ 82.Kf5 Nxf6 83.Kxf6 Kd8 84.Bd6 Kc8 85.Ke6 Re1+ 86.Be5 Re2 
87.Rc7+ Kd8 88.Rb7 Rc2 89.Rb1 Rc6+ 90.Bd6 Rc2 91.Rb7 Rc1 92.Rb6 Rc2 93.Be5
Rc1 94.Bg3 Rc2 95.Rb7 Re2+ 96.Be5 Rc2 97.Bf4 Re2+ 98.Kd6 Kc8 99.Rf7 Re1 
100.Kc6 Kd8 101.Bd6 Re2 102.Kd5 Rd2+ 103.Ke6 Kc8 104.Rc7+ Kd8 105.Rc1 Re2+
106.Be5 Re3 107.Rc7 1-0

[Event "XIV American Continental"]
[Site "Sao Paulo BRA"]
[Date "2019.07.08"]
[Round "5.25"]
[White "Aguilar, Luis Miguel"]
[Black "Roselli Mailhe, Bernardo"]
[Result "1/2-1/2"]
[WhiteElo "2175"]
[BlackElo "2471"]
[EventDate "2019.07.05"]
[PlyCount "89"]
[EventRounds "11"]
[EventCountry "BRA"]

1.c4 e5 2.g3 Nc6 3.Bg2 Bc5 4.Nc3 a6 5.e3 d6 6.Nge2 Nge7 7.d4 Ba7 8.a3 O-O 
9.b4 Bg4 10.h3 Bh5 11.dxe5 dxe5 12.Bb2 f6 13.Nd5 Rb8 14.b5 Nxd5 15.Bxd5+ 
Kh8 16.Qc2 Ne7 17.Be4 Bg6 18.Bxg6 Nxg6 19.Rd1 Qe8 20.Nc3 c6 21.Qb3 Bb6 22.
Qb4 axb5 23.cxb5 Ra8 24.O-O Ba5 25.Qb3 f5 26.a4 Bd8 27.Rd6 Bc7 28.Rd2 Qc8 
29.Kh2 f4 30.exf4 exf4 31.Re1 fxg3+ 32.fxg3 Be5 33.Rde2 Bf6 34.Nd1 Bxb2 
35.Nxb2 Qd7 36.Rd1 Qf5 37.Qd3 Qh5 38.Rde1 Qc5 39.Qc2 Qd6 40.bxc6 bxc6 41.
Nc4 Qb4 42.a5 Qc5 43.Ne5 Qxc2 44.Rxc2 Rxa5 45.Nxc6 1/2-1/2

[Event "XIV American Continental"]
[Site "Sao Paulo BRA"]
[Date "2019.07.08"]
[Round "5.26"]
[White "Sanchez Alvarez, Roberto Carlos"]
[Black "Gauche, Charles"]
[Result "1-0"]
[WhiteElo "2434"]
[BlackElo "2200"]
[EventDate "2019.07.05"]
[PlyCount "63"]
[EventRounds "11"]
[EventCountry "BRA"]

1.d4 Nf6 2.c4 g6 3.Nc3 Bg7 4.e4 O-O 5.Be3 d6 6.h3 c5 7.Nf3 cxd4 8.Nxd4 Nc6
9.Be2 Bd7 10.O-O Nxd4 11.Bxd4 Bc6 12.Qc2 Nd7 13.Bxg7 Kxg7 14.b4 Nb6 15.
Rfd1 Qc7 16.Rac1 Bd7 17.e5 Bf5 18.Qb2 dxe5 19.c5 Nc8 20.Nd5 Qb8 21.g4 Bd7 
22.f4 e6 23.Nf6 Bc6 24.Nd7 Qc7 25.Nxf8 Kxf8 26.Rf1 exf4 27.Qh8+ Ke7 28.g5 
e5 29.Bc4 e4 30.Qf6+ Kf8 31.Rxf4 Be8 32.Qh8+ 1-0

[Event "XIV American Continental"]
[Site "Sao Paulo BRA"]
[Date "2019.07.08"]
[Round "5.27"]
[White "Curi Milia, Gabriel"]
[Black "Bittencourt, Jorge"]
[Result "0-1"]
[WhiteElo "2185"]
[BlackElo "2433"]
[EventDate "2019.07.05"]
[PlyCount "68"]
[EventRounds "11"]
[EventCountry "BRA"]

1.e4 e5 2.Nf3 Nc6 3.Bc4 Nf6 4.d4 exd4 5.e5 Ne4 6.O-O Be7 7.Re1 d5 8.Bb5 
Bg4 9.Nbd2 Nxd2 10.Qxd2 Bxf3 11.gxf3 Qd7 12.Bxc6 Qxc6 13.Qxd4 O-O 14.Bd2 
Qxc2 15.Rec1 Qg6+ 16.Kh1 c5 17.Qf4 Qe6 18.Rg1 g6 19.Qh6 Rfe8 20.f4 Qf5 21.
Rg3 Bf8 22.Qh4 Be7 23.Qh6 Bf8 24.Qh4 b6 25.Rag1 Be7 26.Qh6 Bf8 27.Qh4 h6 
28.Re1 Re6 29.b4 cxb4 30.Rc1 a5 31.Kg1 Rae8 32.Be3 a4 33.Bd4 h5 34.Be3 Bg7
0-1

[Event "XIV American Continental"]
[Site "Sao Paulo BRA"]
[Date "2019.07.08"]
[Round "5.28"]
[White "Proudian, Armen"]
[Black "Gonzalez, Bolivar Ribeiro"]
[Result "1-0"]
[WhiteElo "2429"]
[BlackElo "2193"]
[EventDate "2019.07.05"]
[PlyCount "160"]
[EventRounds "11"]
[EventCountry "BRA"]

1.e4 Nf6 2.e5 Nd5 3.d4 d6 4.c4 Nb6 5.exd6 cxd6 6.Nc3 g6 7.Be3 Bg7 8.Rc1 
O-O 9.b3 e5 10.Nf3 Nc6 11.Be2 Bg4 12.dxe5 dxe5 13.h3 Bxf3 14.Bxf3 Nc8 15.
O-O Rb8 16.Bxc6 bxc6 17.Bc5 Re8 18.Qf3 Qc7 19.Rfd1 f5 20.Qd3 Bf8 21.Bxf8 
Kxf8 22.Na4 Nb6 23.Nc5 Rbc8 24.Qc3 Kf7 25.Rd2 Qe7 26.b4 Rcd8 27.Rcd1 Rxd2 
28.Rxd2 e4 29.a4 e3 30.fxe3 Qxe3+ 31.Qxe3 Rxe3 32.Rd6 Nxc4 33.Rxc6 Re2 34.
Nd3 Ne3 35.Rc7+ Kf6 36.Rxa7 Rxg2+ 37.Kh1 Rd2 38.Nc5 Rd1+ 39.Kh2 f4 40.Rxh7
Rd2+ 41.Kg1 Rg2+ 42.Kh1 f3 43.Rh4 g5 44.Re4 Nf5 45.Rg4 Re2 46.Nd3 Rd2 47.
Nc5 Rd1+ 48.Kh2 Rd2+ 49.Kh1 Rd1+ 50.Kh2 Re1 51.Ne4+ Ke5 52.Ng3 Kf6 53.Nxf5
Kxf5 54.Kg3 Re3 55.Kf2 Ra3 56.b5 Rb3 57.Rg3 Kf4 58.Rg4+ Kf5 59.Rc4 Ke5 60.
Rc6 Kf4 61.Rf6+ Ke4 62.Kg3 f2+ 63.Kg2 Ra3 64.Rxf2 Rxa4 65.Rb2 Ra7 66.Kg3 
Kf5 67.b6 Rb7 68.Kf3 Kf6 69.Kg4 Kg6 70.Rb3 Kh6 71.Rb5 Kg6 72.Rxg5+ Kf6 73.
Rb5 Kg6 74.h4 Kf6 75.Kf4 Ke6 76.h5 Kf6 77.Rb1 Kf7 78.Kf5 Ke7 79.h6 Kf7 80.
Ke5 Ke8 1-0

[Event "XIV American Continental"]
[Site "Sao Paulo BRA"]
[Date "2019.07.08"]
[Round "5.29"]
[White "Manzi, Luiz Antonio Bardaro"]
[Black "Almiron, Antonio"]
[Result "0-1"]
[WhiteElo "2092"]
[BlackElo "2402"]
[EventDate "2019.07.05"]
[PlyCount "102"]
[EventRounds "11"]
[EventCountry "BRA"]

1.Nf3 c5 2.e4 d6 3.d4 cxd4 4.Nxd4 Nf6 5.Nc3 a6 6.h3 e6 7.g4 Be7 8.Bg2 Nfd7
9.O-O Nc6 10.Be3 O-O 11.a4 Rb8 12.Qe2 Re8 13.Rfd1 Qc7 14.f4 Na5 15.f5 Ne5 
16.Bf2 Bd7 17.Kh1 Nac4 18.fxe6 fxe6 19.Rab1 Nxb2 20.Nd5 exd5 21.Rxb2 Bf6 
22.Rbb1 Nc6 23.Nxc6 Bxc6 24.Bb6 Qe7 25.Qd3 dxe4 26.Qxd6 Qxd6 27.Rxd6 e3 
28.Ba7 e2 29.Bxc6 e1=Q+ 30.Rxe1 Rxe1+ 31.Kg2 Rd8 32.Rxd8+ Bxd8 33.Bxb7 
Re2+ 34.Kf3 Rxc2 35.Bxa6 Rc3+ 36.Kf4 Rxh3 37.Bb5 Bc7+ 38.Ke4 Rh4 39.Kf3 
Kf7 40.Bf2 Rh3+ 41.Kg2 Rc3 42.Be1 Ra3 43.Bb4 Rg3+ 44.Kf2 Rxg4 45.Bd2 Rh4 
46.a5 Rh2+ 47.Ke1 h5 48.a6 Bb6 49.Bf4 Rb2 50.Bc4+ Kf6 51.Bb8 Ba5+ 0-1

[Event "XIV American Continental"]
[Site "Sao Paulo BRA"]
[Date "2019.07.08"]
[Round "5.30"]
[White "Barria Zuniga, Daniel"]
[Black "Caetano, Ryan Wesley da Costa"]
[Result "1-0"]
[WhiteElo "2379"]
[BlackElo "2155"]
[EventDate "2019.07.05"]
[PlyCount "55"]
[EventRounds "11"]
[EventCountry "BRA"]

1.d4 Nf6 2.c4 g6 3.Nc3 Bg7 4.e4 d6 5.Nf3 O-O 6.Be2 e5 7.d5 a5 8.Bg5 h6 9.
Bh4 Na6 10.Nd2 Qe8 11.O-O Nh7 12.a3 f5 13.f3 g5 14.Bf2 f4 15.b4 h5 16.c5 
Qg6 17.c6 b6 18.b5 Nc5 19.Bxc5 bxc5 20.b6 cxb6 21.Nc4 Rb8 22.Rb1 g4 23.
Rxb6 gxf3 24.Bxf3 Bg4 25.Rxb8 Rxb8 26.c7 Rc8 27.Bxg4 hxg4 28.Nb5 1-0

[Event "XIV American Continental"]
[Site "Sao Paulo BRA"]
[Date "2019.07.08"]
[Round "5.31"]
[White "Della Morte, German"]
[Black "Campelo, Leandro Fabricio"]
[Result "1-0"]
[WhiteElo "2359"]
[BlackElo "2155"]
[EventDate "2019.07.05"]
[PlyCount "55"]
[EventRounds "11"]
[EventCountry "BRA"]

1.e4 c5 2.Nf3 e6 3.d4 cxd4 4.Nxd4 a6 5.Bd3 Qc7 6.O-O Nf6 7.Qe2 d6 8.c4 g6 
9.Nc3 Bg7 10.Nf3 O-O 11.Rd1 Nbd7 12.h3 b6 13.Bf4 Nh5 14.Be3 Bxc3 15.bxc3 
e5 16.Qd2 Nc5 17.Bc2 Rd8 18.Nxe5 Bxh3 19.Nxf7 Qxf7 20.gxh3 Qf3 21.Qd5+ Kg7
22.e5 Qxh3 23.exd6 Qg4+ 24.Qg2 Qxc4 25.Bd4+ Kh6 26.Re1 Ra7 27.Re5 Nf6 28.
Bb3 1-0

[Event "XIV American Continental"]
[Site "Sao Paulo BRA"]
[Date "2019.07.08"]
[Round "5.32"]
[White "Rodi, Luis Ernesto"]
[Black "Federzoni, Enzo"]
[Result "1/2-1/2"]
[WhiteElo "2343"]
[BlackElo "2140"]
[EventDate "2019.07.05"]
[PlyCount "91"]
[EventRounds "11"]
[EventCountry "BRA"]

1.e4 c5 2.Nf3 d6 3.Bb5+ Bd7 4.Bxd7+ Nxd7 5.O-O Ngf6 6.Qe2 Rc8 7.b3 g6 8.
Bb2 Bg7 9.c3 O-O 10.d4 cxd4 11.cxd4 d5 12.e5 Ne4 13.Ne1 Ng5 14.Nc3 Ne6 15.
Nxd5 Nxe5 16.Nxe7+ Qxe7 17.dxe5 Nf4 18.Qe4 Qg5 19.g3 Nh3+ 20.Kg2 Qd2 21.
Ba3 Ng5 22.Qd3 Rfd8 23.Qxd2 Rxd2 24.Bb4 Re2 25.Nd3 Rcc2 26.Rac1 Bf8 27.
Rxc2 Rxc2 28.Bxf8 Kxf8 29.h4 Ne6 30.Nb4 Re2 31.Rd1 a5 32.Nd5 Rxa2 33.Nf6 
h5 34.Rd7 b5 35.Rb7 b4 36.Rb8+ Kg7 37.Ne8+ Kh7 38.Nf6+ Kg7 39.Rg8+ Kh6 40.
g4 hxg4 41.Kg3 Rb2 42.Nxg4+ Kh7 43.Nf6+ Kh6 44.Ng4+ Kh7 45.Nf6+ Kh6 46.
Ng4+ 1/2-1/2

[Event "XIV American Continental"]
[Site "Sao Paulo BRA"]
[Date "2019.07.08"]
[Round "5.33"]
[White "Aranha Filho, Alvaro Zimmermann"]
[Black "Do Valle Cardoso, Lucas"]
[Result "0-1"]
[WhiteElo "2320"]
[BlackElo "2132"]
[EventDate "2019.07.05"]
[PlyCount "96"]
[EventRounds "11"]
[EventCountry "BRA"]

1.d4 d5 2.Nf3 Nf6 3.c4 dxc4 4.Qa4+ Nbd7 5.g3 a6 6.Nc3 e6 7.Bg2 Be7 8.Qxc4 
O-O 9.O-O b5 10.Qb3 Bb7 11.Bg5 h6 12.Bxf6 Nxf6 13.Rfd1 Qb8 14.Rac1 c5 15.
e3 Rc8 16.dxc5 Rxc5 17.Nd4 Bxg2 18.Kxg2 Qb7+ 19.Kg1 Ng4 20.Nce2 Rh5 21.h4 
Rc5 22.Rxc5 Bxc5 23.Rc1 Rc8 24.Qc2 Rc7 25.Qb1 Ne5 26.Rc2 Nc4 27.Kh2 e5 28.
Nb3 Bxe3 29.Nc3 Bb6 30.Nd2 Bxf2 31.Nxc4 Qf3 32.Qf1 Bxg3+ 33.Kg1 Qxf1+ 34.
Kxf1 Rxc4 35.Rd2 Bxh4 36.Rd6 b4 37.Na4 a5 38.Rd5 e4 39.Rxa5 Rc2 40.Re5 
Rf2+ 41.Kg1 Rf4 42.Kg2 g5 43.Nc5 Rf2+ 44.Kh3 Rxb2 45.Nxe4 Rxa2 46.Nd6 Kg7 
47.Rb5 Ra3+ 48.Kg4 Kg6 0-1

[Event "XIV American Continental"]
[Site "Sao Paulo BRA"]
[Date "2019.07.08"]
[Round "5.34"]
[White "Guimaraes, Diogo Duarte"]
[Black "De Borba, Gabriel"]
[Result "1/2-1/2"]
[WhiteElo "2307"]
[BlackElo "2116"]
[EventDate "2019.07.05"]
[PlyCount "97"]
[EventRounds "11"]
[EventCountry "BRA"]

1.e4 c5 2.Nf3 e6 3.g3 Nc6 4.Bg2 Nf6 5.Nc3 d5 6.exd5 exd5 7.d4 h6 8.O-O Be7
9.Ne2 O-O 10.c3 Bf5 11.h3 Qb6 12.dxc5 Bxc5 13.b4 Be7 14.Be3 Qc7 15.g4 Be4 
16.Ng3 Rfd8 17.Qb3 Bd6 18.Nxe4 dxe4 19.Nd4 Nxd4 20.Bxd4 Bh2+ 21.Kh1 Be5 
22.Rad1 Bxd4 23.Rxd4 Rac8 24.Rxd8+ Rxd8 25.c4 Rd3 26.Qc2 Qf4 27.Qe2 Rd2 
28.Qe3 Qxe3 29.fxe3 Re2 30.Rf5 Rxe3 31.Kg1 b6 32.Re5 Ra3 33.c5 bxc5 34.
bxc5 Rxa2 35.Bxe4 Nxe4 36.Rxe4 Rc2 37.Ra4 Rxc5 38.Rxa7 Rc2 39.Rb7 g6 40.
Ra7 Kg7 41.Ra6 h5 42.gxh5 gxh5 43.Ra3 f5 44.Ra6 Rc8 45.Kg2 Rf8 46.Kg3 Rf6 
47.Ra8 Kg6 48.Rg8+ Kh7 49.Kf4 1/2-1/2

[Event "XIV American Continental"]
[Site "Sao Paulo BRA"]
[Date "2019.07.08"]
[Round "5.35"]
[White "Cadilhac, Igor Tokuichi Kikuchi"]
[Black "Adasme Fredes, Mauricio"]
[Result "1-0"]
[WhiteElo "2291"]
[BlackElo "2088"]
[EventDate "2019.07.05"]
[PlyCount "83"]
[EventRounds "11"]
[EventCountry "BRA"]

1.e4 c5 2.Nf3 e6 3.d4 cxd4 4.Nxd4 Nc6 5.Nc3 Qc7 6.Be3 a6 7.Be2 Nf6 8.O-O 
b5 9.Nxc6 dxc6 10.f4 Be7 11.e5 Nd5 12.Nxd5 cxd5 13.c3 O-O 14.Bd3 f5 15.g4 
Bc5 16.Bd4 Qc6 17.Bc2 fxg4 18.Kh1 Ra7 19.Qd2 Raf7 20.Rf2 a5 21.Rg1 Bd7 22.
Rxg4 Rc8 23.Qe3 g6 24.Rfg2 Be8 25.Qh3 Rg7 26.f5 exf5 27.Bxf5 Rcc7 28.Bxc5 
Qxc5 29.Be6+ Bf7 30.Rd4 Qe7 31.Bxf7+ Qxf7 32.Rgd2 Rc5 33.Rxd5 Qb7 34.Qg2 
Rgc7 35.Kg1 b4 36.Rd8+ Kg7 37.Qf2 Kh6 38.Qh4+ Kg7 39.Qf6+ Kh6 40.R2d4 Rc4 
41.Qf4+ g5 42.R8d6+ 1-0